Deutsche Städte mit "K" - Statistiken

Allgemein
  • Dieses Quiz wurde 170 mal gespielt
  • Das Durchschnittsergebnis liegt bei 26 aus 99
Antwortstatistiken
Bundesland Stadt % Korrekt
Nordrhein-Westfalen Köln
92%
Rheinland-Pfalz Kaiserslautern
88%
Baden-Württemberg Karlsruhe
86%
Hessen Kassel
84%
Schleswig-Holstein Kiel
84%
Rheinland-Pfalz Koblenz
81%
Nordrhein-Westfalen Krefeld
81%
Nordrhein-Westfalen Kamen
76%
Baden-Württemberg Konstanz
74%
Bayern Kempten (Allgäu)
68%
Nordrhein-Westfalen Kleve
65%
Bayern Kulmbach
65%
Nordrhein-Westfalen Kerpen
63%
Brandenburg Königs Wusterhausen
62%
Bayern Kitzingen
60%
Bayern Kaufbeuren
57%
Baden-Württemberg Kirchheim unter Teck
54%
Rheinland-Pfalz Kusel
53%
Nordrhein-Westfalen Kamp-Lintfort
52%
Sachsen-Anhalt Köthen (Anhalt)
51%
Bayern Kelheim
47%
Nordrhein-Westfalen Königswinter
47%
Bayern Kronach
46%
Sachsen Kamenz
45%
Baden-Württemberg Kehl
42%
Hessen Königstein im Taunus
42%
Sachsen Königstein (Sächsische Schweiz)
42%
Nordrhein-Westfalen Kempen
35%
Bayern Königsberg
35%
Baden-Württemberg Kornwestheim
33%
Sachsen Kirchberg
32%
Rheinland-Pfalz Kirchen (Sieg)
32%
Baden-Württemberg Kirchberg an der Jagst
31%
Rheinland-Pfalz Kirchberg (Hunsrück)
31%
Sachsen-Anhalt Kalbe (Milde)
29%
Rheinland-Pfalz Konz
29%
Nordrhein-Westfalen Kaarst
27%
Hessen Kronberg im Taunus
27%
Sachsen Klingenthal
26%
Hessen Korbach
26%
Mecklenburg-Vorpommern Kühlungsborn
25%
Baden-Württemberg Künzelsau
25%
Nordrhein-Westfalen Kierspe
24%
Sachsen Kitzscher
24%
Thüringen Königsee
24%
Bayern Kolbermoor
23%
Nordrhein-Westfalen Korschenbroich
23%
Sachsen-Anhalt Kelbra (Kyffhäuser)
22%
Rheinland-Pfalz Kandel
20%
Bayern Königsbrunn
19%
Bayern Karlstadt
18%
Nordrhein-Westfalen Kevelaer
17%
Bayern Klingenberg am Main
17%
Rheinland-Pfalz Kirchheimbolanden
15%
Niedersachsen Königslutter am Elm
15%
Schleswig-Holstein Kappeln
13%
Schleswig-Holstein Kellinghusen
13%
Schleswig-Holstein Kaltenkirchen
12%
Rheinland-Pfalz Kaub
12%
Baden-Württemberg Krautheim
12%
Bayern Krumbach (Schwaben)
12%
Hessen Kelkheim (Taunus)
11%
Nordrhein-Westfalen Kreuztal
10%
Nordrhein-Westfalen Kalkar
9%
Hessen Karben
9%
Hessen Kelsterbach
9%
Rheinland-Pfalz Kirn
9%
Sachsen Königsbrück
7%
Baden-Württemberg Kraichtal
7%
Baden-Württemberg Kandern
6%
Rheinland-Pfalz Kastellaun
6%
Rheinland-Pfalz Katzenelnbogen
6%
Baden-Württemberg Korntal-Münchingen
6%
Bayern Kemnath
5%
Rheinland-Pfalz Kyllburg
5%
Brandenburg Kyritz
5%
Thüringen Kahla
4%
Sachsen-Anhalt Kemberg
4%
Sachsen-Anhalt Klötze
4%
Sachsen-Anhalt Könnern
4%
Baden-Württemberg Kenzingen
3%
Hessen Kirchhain
3%
Rheinland-Pfalz Kaisersesch
2%
Thüringen Kaltennordheim
2%
Brandenburg Ketzin/Havel
2%
Mecklenburg-Vorpommern Krakow am See
2%
Thüringen Kranichfeld
2%
Brandenburg Kremmen
2%
Mecklenburg-Vorpommern Kröpelin
2%
Baden-Württemberg Kuppenheim
2%
Hessen Kirtorf
1%
Thüringen Kölleda
1%
Schleswig-Holstein Krempe
1%
Sachsen-Anhalt Kroppenstedt
1%
Bayern Kupferberg
1%
Bayern Kirchenlamitz
0%
Mecklenburg-Vorpommern Klütz
0%
Baden-Württemberg Knittlingen
0%
Baden-Württemberg Külsheim
0%
Keine übereinstimmenden Quizze gefunden
Verteilung der Resultate
Anzahl Personen mit jedem Resultat
Perzentil nach korrekt beantworteten Fragen
Ihre Resultats-Entwicklung
Sie haben dieses Quiz noch nicht gespielt